[Event "XXXII C.to Italiano femminile"]
[Site "Bratto - Castione della Presolana ITA"]
[Date "2005.08.20"]
[Round "1"]
[White "Borsato, Chiara"]
[Black "Sautto, Alessandra"]
[Result "0-1"]
[WhiteElo "1649"]
[BlackElo "1958"]
[PlyCount "66"]
[EventDate "2005.08.20"]

1. e4 e6 2. d4 d5 3. exd5 exd5 4. Nf3 Bd6 5. Nc3 c6 6. Be2 Bf5 7. Be3 Nf6 8.
Bd3 Ne4 9. Bxe4 dxe4 10. Nd2 Qe7 11. Qh5 Bg6 12. Qe2 Nd7 13. a3 O-O 14. O-O f5
15. b4 f4 16. Bxf4 Bxf4 17. Ndxe4 Bxe4 18. Nxe4 Rae8 19. Rae1 Kh8 20. f3 Qf7
21. c4 Nb6 22. c5 Nd5 23. Rf2 Be3 24. Qc2 Bxf2+ 25. Qxf2 Qe7 26. Kf1 Nf6 27.
Nd6 Qxe1+ 28. Qxe1 Rxe1+ 29. Kxe1 b6 30. g4 Kg8 31. Kf2 Nxg4+ 32. Kg3 Ne3 33.
cxb6 axb6 0-1

[Event "XXXII C.to Italiano femminile"]
[Site "Bratto - Castione della Presolana ITA"]
[Date "2005.08.20"]
[Round "1"]
[White "De Rosa, Mariagrazia"]
[Black "Chierici, Marianna"]
[Result "0-1"]
[WhiteElo "2100"]
[BlackElo "1700"]
[PlyCount "64"]
[EventDate "2005.08.20"]

1. e4 e5 2. Nf3 d6 3. Bc4 Nc6 4. O-O Be7 5. h3 Nf6 6. Nc3 O-O 7. Re1 a6 8. d4
b5 9. Bf1 Bb7 10. a4 b4 11. Nd5 Re8 12. Nxe7+ Nxe7 13. dxe5 dxe5 14. Nxe5 Bxe4
15. Bg5 Qxd1 16. Raxd1 Bxc2 17. Rd2 Bxa4 18. Bc4 Red8 19. Nxf7 Rxd2 20. Bxd2
Ned5 21. Ng5 Bb5 22. Ba2 a5 23. Ne6 Kh8 24. Re5 c6 25. Nd4 Ba4 26. b3 Bb5 27.
Nxb5 cxb5 28. Bg5 Nc3 29. Bb1 Nxb1 30. Rxb5 Ne4 31. Be3 Ned2 32. Bb6 Nxb3 0-1

[Event "XXXII C.to Italiano femminile"]
[Site "Bratto - Castione della Presolana ITA"]
[Date "2005.08.20"]
[Round "1"]
[White "Lai, Silvia"]
[Black "Vocaturo, Ilaria"]
[Result "1/2-1/2"]
[WhiteElo "1748"]
[BlackElo "1448"]
[PlyCount "22"]
[EventDate "2005.08.20"]

1. e4 e5 2. Nf3 Nf6 3. Nc3 Bb4 4. Bc4 d6 5. Ng5 O-O 6. d3 Nc6 7. h3 Bd7 8. Bd2
Ne7 9. a3 Bc5 10. Ne2 c6 11. f4 Ng6 1/2-1/2

[Event "XXXII C.to Italiano femminile"]
[Site "Bratto - Castione della Presolana ITA"]
[Date "2005.08.20"]
[Round "1"]
[White "Matta, Francesca"]
[Black "Costariol, Elena"]
[Result "0-1"]
[WhiteElo "1860"]
[BlackElo "1605"]
[PlyCount "114"]
[EventDate "2005.08.20"]

1. d4 Nf6 2. c4 g6 3. Nc3 Bg7 4. e4 d6 5. Nf3 O-O 6. Be2 c5 7. d5 e6 8. O-O Re8
9. dxe6 Bxe6 10. Bf4 Qb6 11. Qc2 Nc6 12. Rfd1 Nxe4 13. Nxe4 Bf5 14. Bd3 Nb4 15.
Qb3 Bxe4 16. Bxe4 Rxe4 17. Rxd6 Nc6 18. Be3 Qxb3 19. axb3 Bxb2 20. Rad1 Ba3 21.
R1d5 Rae8 22. h3 Ne7 23. Rd1 Nf5 24. Rd7 Nxe3 25. fxe3 Rxe3 26. Rxb7 R8e7 27.
Rdd7 Rxd7 28. Rxd7 a5 29. Ng5 Rxb3 30. Nxf7 Bb2 31. Ng5 a4 32. Ne6 a3 33. Ra7
Rb4 34. Kf1 Rxc4 35. Ra5 Rc1+ 36. Ke2 c4 37. Nc5 Rc2+ 38. Kf3 Bd4 39. Ne6 Bb2
40. Nc5 Rc3+ 41. Ke2 Rc2+ 42. Kf3 Rd2 43. Ne4 Rd3+ 44. Ke2 Rd4 45. Nc5 Rd5 46.
Ra8+ Kf7 47. Ne4 Re5 48. Kf3 Rd5 49. Ke2 Ke6 50. Ra4 Ke5 51. Kf3 Rd3+ 52. Ke2
Kxe4 53. h4 Rd4 54. Ra7 c3 55. Rxh7 a2 56. Ra7 a1=Q 57. Rxa1 Bxa1 0-1

[Event "XXXII C.to Italiano femminile"]
[Site "Bratto - Castione della Presolana ITA"]
[Date "2005.08.20"]
[Round "1"]
[White "Merendino, Elda"]
[Black "Di Cerbo, Giulia"]
[Result "0-1"]
[WhiteElo "1556"]
[BlackElo "1763"]
[PlyCount "74"]
[EventDate "2005.08.20"]

1. d3 e6 2. Nf3 d5 3. g3 Nf6 4. Bg2 c5 5. O-O Be7 6. Nc3 Nc6 7. a3 O-O 8. Re1
Re8 9. Bg5 Bd7 10. Bf4 Rc8 11. e4 a6 12. e5 Nh5 13. Bd2 g6 14. g4 Ng7 15. Bh6
f6 16. Qe2 fxe5 17. Nxe5 Nxe5 18. Qxe5 Bf6 19. Qe2 Rf8 20. Qd2 Bd4 21. Re2 Bf6
22. Rae1 Kh8 23. g5 Bd4 24. Nd1 Nf5 25. c3 Bg7 26. c4 Bxh6 27. gxh6 Nh4 28.
Qc3+ Qf6 29. Qxf6+ Rxf6 30. Bh1 Nf3+ 31. Bxf3 Rxf3 32. cxd5 exd5 33. Re7 Bc6
34. Ne3 Rcf8 35. Re2 d4 36. Ng4 Rxd3 37. Ne5 Rd1+ 0-1

[Event "XXXII C.to Italiano femminile"]
[Site "Bratto - Castione della Presolana ITA"]
[Date "2005.08.20"]
[Round "1"]
[White "Panella, Fiammetta"]
[Black "Varagnolo, Silvia"]
[Result "0-1"]
[WhiteElo "1922"]
[BlackElo "1643"]
[PlyCount "78"]
[EventDate "2005.08.20"]

1. e4 c6 2. d3 d5 3. Nd2 dxe4 4. dxe4 Nf6 5. Ngf3 Bg4 6. h3 Bh5 7. Bc4 e6 8.
Qe2 Nbd7 9. e5 Nd5 10. O-O Bc5 11. a4 O-O 12. g4 Bg6 13. Ne4 Be7 14. Bd2 Qc7
15. Ng3 N5b6 16. Ba5 Qc8 17. h4 h6 18. Ba2 Nd5 19. Bd2 Qd8 20. g5 hxg5 21. Nxg5
Bxg5 22. Bxg5 Qc7 23. Rae1 Nb4 24. Bb1 Qa5 25. h5 Bh7 26. h6 Bg6 27. hxg7 Kxg7
28. Nh5+ Kg8 29. Nf6+ Nxf6 30. Bxf6 Nd5 31. Bg5 Qxa4 32. c4 Nb6 33. Bxg6 fxg6
34. Qg4 Qxc4 35. Re4 Qd5 36. Rd1 Qb3 37. Bf6 Kf7 38. Rf4 Rg8 39. Bd8+ Ke8 0-1

[Event "XXXII C.to Italiano femminile"]
[Site "Bratto - Castione della Presolana ITA"]
[Date "2005.08.20"]
[Round "1"]
[White "Reginato, Sabrina"]
[Black "Arnetta, Maria Teresa"]
[Result "0-1"]
[WhiteElo "1670"]
[BlackElo "2004"]
[PlyCount "88"]
[EventDate "2005.08.20"]

1. e4 c5 2. Nf3 Nc6 3. d4 cxd4 4. Nxd4 Nf6 5. Nc3 e5 6. Nb3 Bb4 7. Bg5 h6 8.
Bxf6 Qxf6 9. Bc4 Qg6 10. O-O Bxc3 11. bxc3 Qxe4 12. Bd5 Qg6 13. Re1 O-O 14.
Bxc6 Qxc6 15. Rxe5 Qxc3 16. Re3 Qc7 17. Re7 a5 18. Qd3 Ra6 19. Rd1 Re6 20. Re1
Qb6 21. h3 a4 22. Nd2 Qb4 23. R7xe6 dxe6 24. Rb1 Qe7 25. Qb5 Qa3 26. Qb2 Qc5
27. c3 Rd8 28. Ne4 Qd5 29. f3 f5 30. Nf2 Qc4 31. a3 Rd5 32. Qc2 b5 33. Nd1 Qc6
34. Rb4 Qc5+ 35. Kh1 Qd6 36. Rd4 Qxa3 37. Rxd5 exd5 38. Qe2 Kf7 39. Qxb5 Be6
40. Kh2 Qa1 41. Ne3 Qxc3 42. Nd1 Qc7+ 43. Kh1 a3 44. Qa4 Qc1 0-1

[Event "XXXII C.to Italiano femminile"]
[Site "Bratto - Castione della Presolana ITA"]
[Date "2005.08.20"]
[Round "1"]
[White "Rigo, Caterina"]
[Black "Ambrosi, Eleonora"]
[Result "0-1"]
[WhiteElo "1718"]
[BlackElo "2118"]
[PlyCount "116"]
[EventDate "2005.08.20"]

1. e4 c5 2. Nf3 Nc6 3. d4 cxd4 4. Nxd4 Qc7 5. Nc3 e6 6. Be3 a6 7. Be2 Nf6 8.
O-O Bb4 9. f3 O-O 10. a3 Bxc3 11. bxc3 d5 12. Nxc6 bxc6 13. Bd3 e5 14. Qe1 a5
15. Qh4 Ba6 16. Kh1 Nd7 17. Qg4 Nb6 18. Qf5 Nc4 19. Bc5 g6 20. Qg5 Rfe8 21. h4
Nb2 22. Bxa6 Rxa6 23. h5 Na4 24. Be3 Nxc3 25. Qg4 Qc8 26. Qh4 Qe6 27. Bd2 Nb5
28. f4 Qe7 29. Qg4 exf4 30. Rxf4 Qe5 31. Raf1 Ra7 32. exd5 Qxd5 33. Re1 Rxe1+
34. Bxe1 Qe6 35. Qxe6 fxe6 36. hxg6 hxg6 37. Rf6 Nxa3 38. Rxg6+ Kf7 39. Rh6 Ra6
40. Bc3 Nxc2 41. Rf6+ Ke7 42. g4 Ne3 43. Rg6 a4 44. g5 a3 45. Rg7+ Kd6 46. g6
a2 47. Ba1 Nf5 48. Rb7 Ra4 49. Rb2 Rg4 50. Rg2 Rxg2 51. Kxg2 Nh4+ 52. Kf2 Nxg6
53. Ke2 Kd5 54. Kd3 e5 55. Kc2 e4 56. Kb3 e3 57. Kxa2 e2 58. Bc3 Nf4 0-1

[Event "XXXII C.to Italiano femminile"]
[Site "Bratto - Castione della Presolana ITA"]
[Date "2005.08.20"]
[Round "1"]
[White "Santurbano, Maria Vincenza"]
[Black "Brunello, Marina"]
[Result "1/2-1/2"]
[WhiteElo "2001"]
[BlackElo "1667"]
[PlyCount "33"]
[EventDate "2005.08.20"]

1. e4 e5 2. Nf3 Nc6 3. Bc4 Bc5 4. c3 Nf6 5. d4 exd4 6. e5 Ne4 7. Qe2 d5 8. exd6
O-O 9. dxc7 Qd7 10. O-O Re8 11. Qd3 dxc3 12. Qxd7 Bxd7 13. Nxc3 Nxc3 14. bxc3
Rac8 15. Bf4 Re4 16. Bxf7+ Kf8 17. Bg6 1/2-1/2

[Event "XXXII C.to Italiano femminile"]
[Site "Bratto - Castione della Presolana ITA"]
[Date "2005.08.20"]
[Round "1"]
[White "Tomba, Patrizia"]
[Black "Fittante, Giuliana"]
[Result "1-0"]
[WhiteElo "1622"]
[BlackElo "1879"]
[PlyCount "89"]
[EventDate "2005.08.20"]

1. e4 Nf6 2. e5 Nd5 3. c4 Nb6 4. d4 d6 5. f4 g6 6. Nf3 Bg4 7. Be2 Bg7 8. O-O
O-O 9. b3 N8d7 10. Bb2 c5 11. Na3 cxd4 12. Bxd4 dxe5 13. Nxe5 Nxe5 14. Bxe5
Bxe5 15. fxe5 Qxd1 16. Bxd1 Bxd1 17. Raxd1 Rfd8 18. Nb5 Rd7 19. Rxd7 Nxd7 20.
Re1 e6 21. Nd4 Rc8 22. Nf3 Kf8 23. Rd1 Ke7 24. Kf2 Rc5 25. Re1 b5 26. cxb5 Rxb5
27. Re2 a6 28. Kg3 h6 29. Kf4 Nc5 30. Rd2 Rb4+ 31. Rd4 Rxd4+ 32. Nxd4 Nd3+ 33.
Ke4 Nc1 34. a3 Kd7 35. Ke3 Kc7 36. Kd2 Na2 37. Kc2 Kb6 38. Kb2 Kc5 39. Nf3 Nb4
40. axb4+ Kxb4 41. Nd2 Kc5 42. Ka3 Kd4 43. Nf3+ Kc5 44. Ka4 g5 45. h3 1-0

[Event "XXXII C.to Italiano femminile"]
[Site "Bratto - Castione della Presolana ITA"]
[Date "2005.08.20"]
[Round "1"]
[White "Tonel, Giulia"]
[Black "Mosca, Giulia"]
[Result "0-1"]
[WhiteElo "1793"]
[BlackElo "1566"]
[PlyCount "50"]
[EventDate "2005.08.20"]

1. e4 c6 2. d4 d5 3. Nd2 dxe4 4. Nxe4 Nd7 5. Nf3 Ngf6 6. Nxf6+ Nxf6 7. Be2 g6
8. O-O Bg7 9. Re1 O-O 10. c3 Be6 11. Bf4 Qb6 12. Qc2 Rfe8 13. b3 Rad8 14. Rad1
Nd5 15. Bg3 c5 16. Bc4 Bg4 17. Qe4 Nf6 18. Qe3 Bxf3 19. gxf3 cxd4 20. cxd4 e6
21. Rd2 Nd5 22. Bxd5 Rxd5 23. Red1 Red8 24. Be5 Bxe5 25. dxe5 Qxe3 0-1

[Event "XXXII C.to Italiano femminile"]
[Site "Bratto - Castione della Presolana ITA"]
[Date "2005.08.20"]
[Round "1"]
[White "Zanaboni, Alessandra"]
[Black "Brunello, Roberta"]
[Result "1/2-1/2"]
[WhiteElo "1599"]
[BlackElo "1837"]
[PlyCount "98"]
[EventDate "2005.08.20"]

1. e4 e5 2. Nf3 Nc6 3. Bb5 d6 4. c3 Nf6 5. O-O Bd7 6. d4 Be7 7. Re1 O-O 8. Bg5
h6 9. Bh4 Nh7 10. Bxe7 Qxe7 11. d5 Nb8 12. Bxd7 Nxd7 13. Nbd2 f5 14. exf5 Rxf5
15. Nd4 Rf7 16. Ne6 Nb6 17. Qb3 c6 18. c4 Qf6 19. Ne4 Qe7 20. a4 cxd5 21. cxd5
Re8 22. Rad1 Nf6 23. Nxf6+ Qxf6 24. f3 Nxd5 25. Nxg7 Rxg7 26. Qxd5+ Kh8 27.
Qxd6 Qxf3 28. Rd2 Qf4 29. Rf2 Qg5 30. Rf8+ Kh7 31. Rf2 e4 32. Qf4 Qe7 33. Rfe2
Reg8 34. Rf2 Re8 35. g3 Qb4 36. Rfe2 Qxa4 37. Rxe4 Rxe4 38. Qxe4+ Qxe4 39. Rxe4
Rc7 40. b4 Kg6 41. Rh4 Rc3 42. Kf2 b6 43. Kg2 Rb3 44. Rf4 Kg5 45. h4+ Kg6 46.
Kh3 a5 47. bxa5 bxa5 48. Rd4 Rb6 49. Ra4 Rb5 1/2-1/2

[Event "XXXII C.to Italiano femminile"]
[Site "Bratto - Castione della Presolana ITA"]
[Date "2005.08.21"]
[Round "2"]
[White "Ambrosi, Eleonora"]
[Black "Tomba, Patrizia"]
[Result "1-0"]
[WhiteElo "2118"]
[BlackElo "1622"]
[PlyCount "53"]
[EventDate "2005.08.20"]

1. d4 Nf6 2. Nf3 g6 3. Nc3 Bg7 4. e4 d6 5. Be2 O-O 6. h3 Nbd7 7. O-O e5 8. dxe5
dxe5 9. Bc4 c6 10. a4 a5 11. b3 b6 12. Qd6 Bb7 13. Bg5 Qe8 14. Rad1 Rd8 15.
Rfe1 h6 16. Bc1 Kh8 17. Ba3 Rg8 18. Qe7 Qxe7 19. Bxe7 Rdf8 20. Bxf8 Rxf8 21.
Rd6 Nc5 22. Red1 Nfxe4 23. Nxe4 Nxe4 24. Rd8 f6 25. Rxf8+ Bxf8 26. Rd8 Kg7 27.
Rd7+ 1-0

[Event "XXXII C.to Italiano femminile"]
[Site "Bratto - Castione della Presolana ITA"]
[Date "2005.08.21"]
[Round "2"]
[White "Arnetta, Maria Teresa"]
[Black "Chierici, Marianna"]
[Result "0-1"]
[WhiteElo "2004"]
[BlackElo "1700"]
[PlyCount "88"]
[EventDate "2005.08.20"]

1. e4 d6 2. d4 Nf6 3. Nc3 e5 4. Nf3 Nbd7 5. Bc4 Be7 6. Ng5 O-O 7. Bxf7+ Rxf7 8.
Ne6 Qe8 9. Nxc7 Qd8 10. Nxa8 b5 11. dxe5 Nxe5 12. Nd5 Nxe4 13. O-O Bh4 14. f3
Nc5 15. Nac7 Rxc7 16. Nxc7 Qxc7 17. Bf4 Bf6 18. Re1 Kf7 19. Qe2 Qc6 20. Rad1
Ncd7 21. Bg3 Nb6 22. h3 Bd7 23. Kh1 a6 24. f4 Ng6 25. Qh5 Kg8 26. c3 a5 27. Rd2
Nc4 28. Rde2 Nb6 29. f5 Ne5 30. Bxe5 Bxe5 31. Re4 Nd5 32. R4e2 Nf4 33. Qg5 Nxe2
34. Qd8+ Kf7 35. Rxe2 a4 36. Qg5 Bf6 37. Qh5+ Kg8 38. a3 Be5 39. Qg5 Be8 40.
Qe7 Qd7 41. Qg5 Bf7 42. Qg4 Bc4 43. Re3 Qf7 44. Rf3 Be2 0-1

[Event "XXXII C.to Italiano femminile"]
[Site "Bratto - Castione della Presolana ITA"]
[Date "2005.08.21"]
[Round "2"]
[White "Di Cerbo, Giulia"]
[Black "Costariol, Elena"]
[Result "1-0"]
[WhiteElo "1763"]
[BlackElo "1605"]
[PlyCount "107"]
[EventDate "2005.08.20"]

1. d4 Nf6 2. Nf3 g6 3. Nbd2 Bg7 4. e4 d6 5. c3 Bg4 6. Be2 O-O 7. O-O Nbd7 8. h3
Bxf3 9. Bxf3 Rb8 10. Re1 c5 11. e5 dxe5 12. dxe5 Ne8 13. e6 fxe6 14. Qb3 Nc7
15. Bg4 Ne5 16. Bxe6+ Kh8 17. Bc4 b5 18. Be2 c4 19. Qd1 Qd5 20. Nf3 Qxd1 21.
Rxd1 Nxf3+ 22. Bxf3 Rbd8 23. Be3 a6 24. Bb6 Rxd1+ 25. Rxd1 Ne8 26. Bc5 Bf6 27.
Rd7 Rf7 28. Rd8 Rf8 29. Bc6 Kg7 30. Rxe8 Rxe8 31. Bxe8 h6 32. Bc6 Kf7 33. Bb4
Ke6 34. Bb7 Kd7 35. Bxa6 Kc6 36. Bc8 h5 37. Be6 g5 38. Kf1 Kb6 39. Ke2 Kc6 40.
Kf3 Kb6 41. Bf7 h4 42. Be6 Kb7 43. Ke4 Kc6 44. Kf5 Kc7 45. Kg6 Kd8 46. Kf7 Kc7
47. Bxe7 Bxe7 48. Kxe7 Kc6 49. Kf6 Kd6 50. Bxc4 bxc4 51. Kxg5 Kd5 52. f3 Ke5
53. a4 Kd6 54. Kxh4 1-0

[Event "XXXII C.to Italiano femminile"]
[Site "Bratto - Castione della Presolana ITA"]
[Date "2005.08.21"]
[Round "2"]
[White "Fittante, Giuliana"]
[Black "Merendino, Elda"]
[Result "1-0"]
[WhiteElo "1879"]
[BlackElo "1556"]
[PlyCount "83"]
[EventDate "2005.08.20"]

1. d4 d6 2. Nf3 Nf6 3. c4 g6 4. Nc3 Bg7 5. g3 O-O 6. Bg2 Nbd7 7. O-O c5 8. e3
Qa5 9. Qd2 a6 10. Nd5 Qd8 11. Nc3 Nb6 12. b3 Bd7 13. Bb2 Qc8 14. Rfe1 Bh3 15.
Bh1 Rb8 16. Ng5 Bd7 17. Nge4 Bc6 18. Nxf6+ Bxf6 19. d5 Bd7 20. Ne4 Bg7 21. Bxg7
Kxg7 22. f4 Bh3 23. Nf2 Rh8 24. e4 Bd7 25. Qc3+ Kg8 26. e5 Qf8 27. exd6 exd6
28. Ne4 Qg7 29. Qxg7+ Kxg7 30. Nxd6 Nc8 31. Nxc8 Rbxc8 32. Re7 Rcd8 33. Rae1 b6
34. Kf2 Rhe8 35. Bf3 a5 36. Rxd7 Rxe1 37. Rxd8 Ra1 38. a4 Ra2+ 39. Ke3 Rxh2 40.
Re8 Rh3 41. d6 Rxg3 42. d7 1-0

[Event "XXXII C.to Italiano femminile"]
[Site "Bratto - Castione della Presolana ITA"]
[Date "2005.08.21"]
[Round "2"]
[White "Matta, Francesca"]
[Black "Reginato, Sabrina"]
[Result "0-1"]
[WhiteElo "1860"]
[BlackElo "1670"]
[PlyCount "108"]
[EventDate "2005.08.20"]

1. e4 c5 2. Nc3 d6 3. g3 Nf6 4. Bg2 Nc6 5. d3 e6 6. f4 a6 7. a4 Be7 8. Nf3 Qc7
9. O-O O-O 10. h3 b6 11. Nh2 Bb7 12. g4 Nd4 13. Ne2 Nxe2+ 14. Qxe2 Rac8 15. b3
d5 16. g5 Ne8 17. exd5 Bxd5 18. Ng4 Bd6 19. Bxd5 exd5 20. c4 Qc6 21. f5 Bb8 22.
f6 g6 23. Qe7 Nd6 24. Nh6+ Kh8 25. Qe1 Rce8 26. Qf2 dxc4 27. dxc4 Ne4 28. Qg2
Qd6 29. Re1 Qd4+ 30. Be3 Qd3 31. Qb2 Be5 32. Qb1 Qd6 33. Ra2 Nc3 34. Qc2 Nxa2
35. Qxa2 Bd4 36. Qf2 Bxe3 37. Rxe3 Rxe3 38. Qxe3 Qd4 39. Kf2 Re8 40. Qxd4 cxd4
41. Nxf7+ Kg8 42. Nd6 Re6 43. a5 Rxd6 44. Ke2 bxa5 45. Kd3 Rb6 46. Kxd4 Rxb3
47. c5 Kf7 48. c6 Rb8 49. Kc5 a4 50. c7 Rc8 51. Kb6 Rxc7 52. Kxc7 a3 53. Kd6 a2
54. Kd5 a1=Q 0-1

[Event "XXXII C.to Italiano femminile"]
[Site "Bratto - Castione della Presolana ITA"]
[Date "2005.08.21"]
[Round "2"]
[White "Mosca, Giulia"]
[Black "Santurbano, Maria Vincenza"]
[Result "0-1"]
[WhiteElo "1566"]
[BlackElo "2001"]
[PlyCount "72"]
[EventDate "2005.08.20"]

1. d4 Nf6 2. Nf3 d6 3. Nbd2 Nbd7 4. e4 e5 5. c3 Be7 6. Bd3 c6 7. O-O O-O 8. Qc2
Nh5 9. Re1 Nf4 10. Bf1 Qc7 11. dxe5 dxe5 12. b4 Rd8 13. a3 Nf8 14. Nc4 N8g6 15.
h3 b5 16. Nb2 c5 17. Bxb5 cxb4 18. axb4 Bxb4 19. Bc4 Be7 20. Be3 Be6 21. Bxe6
Nxe6 22. Red1 Rxd1+ 23. Rxd1 Rc8 24. Ra1 Bc5 25. Bxc5 Qxc5 26. Ne1 Nef4 27.
Ned3 Qe7 28. Nxf4 Nxf4 29. Kh1 Qg5 30. g3 Nxh3 31. Rxa7 Qg4 32. Kh2 Ng5 33. Kg1
h5 34. Kf1 Qf3 35. Qd1 Nxe4 36. Qe1 Nxg3+ 0-1

[Event "XXXII C.to Italiano femminile"]
[Site "Bratto - Castione della Presolana ITA"]
[Date "2005.08.21"]
[Round "2"]
[White "Panella, Fiammetta"]
[Black "Rigo, Caterina"]
[Result "1-0"]
[WhiteElo "1922"]
[BlackElo "1718"]
[PlyCount "75"]
[EventDate "2005.08.20"]

1. e4 d6 2. d4 Nf6 3. Nc3 g6 4. f3 Bg7 5. Be3 Nbd7 6. Qd2 e5 7. Nge2 Ng8 8.
O-O-O Nb6 9. Ng3 Be6 10. d5 Bd7 11. f4 Na4 12. Nxa4 Bxa4 13. f5 Bd7 14. Bd3
gxf5 15. Nxf5 Bxf5 16. exf5 Nf6 17. Bb5+ Nd7 18. Qb4 a6 19. Be2 b5 20. g4 Bf6
21. Qd2 Rg8 22. Rhg1 Bg5 23. Kb1 Nb6 24. Bxg5 Qxg5 25. Qc3 Kd8 26. Qg3 Na4 27.
h4 Qf6 28. b3 Nc5 29. Rgf1 Rb8 30. g5 h6 31. g6 Ke7 32. Bh5 a5 33. Qe1 a4 34.
gxf7 Rgf8 35. b4 Nb7 36. Qc3 Rfc8 37. Qc6 Nd8 38. Qe8# 1-0

[Event "XXXII C.to Italiano femminile"]
[Site "Bratto - Castione della Presolana ITA"]
[Date "2005.08.21"]
[Round "2"]
[White "Sautto, Alessandra"]
[Black "Varagnolo, Silvia"]
[Result "1/2-1/2"]
[WhiteElo "1958"]
[BlackElo "1643"]
[PlyCount "33"]
[EventDate "2005.08.20"]

1. d4 d5 2. Nf3 Nf6 3. e3 e6 4. Bd3 c5 5. c3 Nbd7 6. Nbd2 Bd6 7. O-O O-O 8. Re1
e5 9. dxe5 Nxe5 10. Nxe5 Bxe5 11. e4 Qc7 12. h3 Be6 13. exd5 Bxd5 14. Nc4 Bf4
15. Qc2 Rfe8 16. Bxf4 Qxf4 17. Ne3 1/2-1/2

[Event "XXXII C.to Italiano femminile"]
[Site "Bratto - Castione della Presolana ITA"]
[Date "2005.08.21"]
[Round "2"]
[White "Tonel, Giulia"]
[Black "Borsato, Chiara"]
[Result "1-0"]
[WhiteElo "1793"]
[BlackElo "1649"]
[PlyCount "83"]
[EventDate "2005.08.20"]

1. e4 g6 2. d4 Bg7 3. Nc3 d6 4. Nf3 Nf6 5. Be2 Bg4 6. h3 Bxf3 7. Bxf3 Nc6 8.
Be3 e5 9. Ne2 O-O 10. c3 Re8 11. Qc2 a6 12. g3 Qe7 13. d5 Na5 14. c4 b6 15. b4
Nb7 16. O-O Qd7 17. Bg2 Rac8 18. Nc1 c5 19. Nd3 Qc7 20. Rac1 a5 21. bxc5 bxc5
22. Nb2 Rb8 23. Na4 Nd8 24. Rb1 Nh5 25. Rxb8 Qxb8 26. Rb1 Qc7 27. Bd2 Nb7 28.
Rb6 Nf6 29. Qb3 Re7 30. Qb5 Qd7 31. Bxa5 Qxb5 32. Rxb5 Nxa5 33. Rxa5 Rb7 34.
Nc3 Rb4 35. Nb5 Rxc4 36. Nxd6 Nd7 37. Nxc4 f5 38. Ra7 Nf6 39. exf5 gxf5 40.
Nxe5 Ne8 41. Ra8 Kf8 42. d6 1-0

[Event "XXXII C.to Italiano femminile"]
[Site "Bratto - Castione della Presolana ITA"]
[Date "2005.08.21"]
[Round "2"]
[White "Vocaturo, Ilaria"]
[Black "De Rosa, Mariagrazia"]
[Result "0-1"]
[WhiteElo "1448"]
[BlackElo "2100"]
[PlyCount "66"]
[EventDate "2005.08.20"]

1. d4 c5 2. c3 e6 3. Nf3 b6 4. Bg5 Be7 5. Bxe7 Qxe7 6. Nbd2 f5 7. e3 Nf6 8. Bd3
Bb7 9. O-O O-O 10. Qe2 Ne4 11. Bc2 Ba6 12. Bd3 Bb7 13. Bc2 Nxd2 14. Nxd2 d5 15.
Nf3 Nd7 16. Rad1 e5 17. Rfe1 e4 18. Nd2 c4 19. Nf1 Qg5 20. Ng3 Nf6 21. h3 Bc6
22. Rc1 Be8 23. Bd1 h5 24. Rb1 h4 25. Nf1 Bh5 26. Qc2 Bf3 27. Bxf3 exf3 28. g3
Ne4 29. Kh1 Rf6 30. Rbc1 Rh6 31. Nh2 hxg3 32. fxg3 Nxg3+ 33. Kg1 Ne2+ 0-1

[Event "XXXII C.to Italiano femminile"]
[Site "Bratto - Castione della Presolana ITA"]
[Date "2005.08.21"]
[Round "2"]
[White "Zanaboni, Alessandra"]
[Black "Lai, Silvia"]
[Result "1-0"]
[WhiteElo "1599"]
[BlackElo "1748"]
[PlyCount "39"]
[EventDate "2005.08.20"]

1. e4 d5 2. exd5 Qxd5 3. d4 Nf6 4. Nc3 Qd6 5. Nb5 Qd8 6. Bf4 Nd5 7. Be5 a6 8.
Na3 e6 9. Nc4 Nc6 10. Nf3 f6 11. Bg3 b5 12. Ncd2 Bd6 13. Ne4 Bxg3 14. Nxg3 Nb6
15. c3 O-O 16. Bd3 Bb7 17. O-O Qd6 18. Ne4 Qd5 19. Nc5 Ne5 20. Be4 1-0

[Event "XXXII C.to Italiano femminile"]
[Site "Bratto - Castione della Presolana ITA"]
[Date "2005.08.22"]
[Round "3"]
[White "Borsato, Chiara"]
[Black "Rigo, Caterina"]
[Result "1/2-1/2"]
[WhiteElo "1649"]
[BlackElo "1718"]
[PlyCount "34"]
[EventDate "2005.08.20"]

1. e4 d5 2. exd5 Qxd5 3. Nc3 Qd6 4. d4 Nf6 5. Nf3 a6 6. Bg5 Nc6 7. Be2 Bg4 8.
O-O O-O-O 9. Bxf6 Qxf6 10. d5 e6 11. h3 Bxf3 12. Bxf3 exd5 13. Bxd5 Nb4 14. a3
Nxd5 15. Nxd5 Qe6 16. c4 Bd6 17. Re1 Qd7 1/2-1/2

[Event "XXXII C.to Italiano femminile"]
[Site "Bratto - Castione della Presolana ITA"]
[Date "2005.08.22"]
[Round "3"]
[White "Brunello, Marina"]
[Black "Fittante, Giuliana"]
[Result "1-0"]
[WhiteElo "1667"]
[BlackElo "1879"]
[PlyCount "143"]
[EventDate "2005.08.20"]

1. e4 e5 2. Nf3 Nf6 3. Nxe5 d6 4. Nf3 Nxe4 5. Nc3 d5 6. Qe2 Be7 7. Nxe4 dxe4 8.
Qxe4 O-O 9. Bd3 g6 10. O-O Nc6 11. Ne5 Nb4 12. a3 Nxd3 13. Qxd3 Bd6 14. Nc4 Bf5
15. Qc3 Be7 16. d3 Bf6 17. Qb4 b6 18. Bh6 Re8 19. Rab1 Bd4 20. Qd2 Bf6 21. b3
a5 22. a4 Qd4 23. Rbe1 Bd7 24. Bf4 Qc5 25. Qc1 Bc3 26. Bd2 Bg7 27. Be3 Qd5 28.
Bf4 Bc6 29. f3 Bd4+ 30. Kh1 Qd7 31. Ne5 Qd5 32. Nxc6 Qxc6 33. Rxe8+ Rxe8 34.
Bd2 Qd7 35. Re1 Bf6 36. Rxe8+ Qxe8 37. Qe1 Qc6 38. Qd1 Kg7 39. Bf4 Qc3 40. Qd2
Qa1+ 41. Qc1 Qc3 42. h3 Be5 43. Bh6+ Kg8 44. h4 Qd4 45. Qe1 f5 46. f4 Qa1 47.
Qxa1 Bxa1 48. Bg5 Bd4 49. Bd8 c6 50. c3 Bxc3 51. Bxb6 Kf7 52. Kg1 Ke6 53. Kf2
Kd5 54. Be3 Bd4 55. Ke2 Bxe3 56. Kxe3 Kc5 57. Kd2 Kb4 58. Kc2 Kc5 59. Kd2 Kb4
60. Kc2 Kc5 61. Kc3 h6 62. d4+ Kd5 63. Kd3 c5 64. dxc5 Kxc5 65. Kc3 Kd5 66. b4
axb4+ 67. Kxb4 Ke4 68. a5 Kxf4 69. a6 Kg3 70. a7 Kxg2 71. a8=Q+ Kg3 72. Qg8 1-0

[Event "XXXII C.to Italiano femminile"]
[Site "Bratto - Castione della Presolana ITA"]
[Date "2005.08.22"]
[Round "3"]
[White "Chierici, Marianna"]
[Black "Ambrosi, Eleonora"]
[Result "1/2-1/2"]
[WhiteElo "1700"]
[BlackElo "2118"]
[PlyCount "36"]
[EventDate "2005.08.20"]

1. e4 c5 2. c3 d5 3. exd5 Qxd5 4. d4 Nc6 5. Nf3 Bg4 6. dxc5 Qxc5 7. Be3 Qa5 8.
Be2 Nf6 9. O-O e6 10. Nbd2 Be7 11. Nd4 Bxe2 12. Qxe2 Nxd4 13. Bxd4 O-O 14. a4
Rfd8 15. Rfd1 Qf5 16. Qf3 Qxf3 17. Nxf3 Nd5 18. Re1 Bd6 1/2-1/2

[Event "XXXII C.to Italiano femminile"]
[Site "Bratto - Castione della Presolana ITA"]
[Date "2005.08.22"]
[Round "3"]
[White "Costariol, Elena"]
[Black "Vocaturo, Ilaria"]
[Result "1/2-1/2"]
[WhiteElo "1605"]
[BlackElo "1448"]
[PlyCount "44"]
[EventDate "2005.08.20"]

1. e4 e5 2. Nf3 Nf6 3. Nxe5 d6 4. Nf3 Nxe4 5. d4 d5 6. Bd3 Bd6 7. O-O O-O 8. c4
c6 9. cxd5 cxd5 10. Nc3 Nxc3 11. bxc3 Bg4 12. Rb1 b6 13. Rb5 Bc7 14. h3 a6 15.
Rb1 Bh5 16. Re1 Nc6 17. Ba3 Re8 18. Rxe8+ Qxe8 19. g4 Bg6 20. Bxg6 hxg6 21. Qe1
b5 22. Qxe8+ Rxe8 1/2-1/2